| 000 | 01166nam a22003257a 4500 | ||
|---|---|---|---|
| 003 | CHAP | ||
| 005 | 20220329143447.0 | ||
| 008 | 091029s2007 mx r 00010 spa d | ||
| 010 | _a96978 | ||
| 011 | _a97950 | ||
| 020 | _a9684846959 | ||
| 035 | _a108624 | ||
| 040 | _cCHAP | ||
| 082 | 0 | 4 |
_a863 _bEl48 |
| 100 | 1 |
_aElizondo Alcaráz, Carlos. _936315 |
|
| 245 | 1 | 4 |
_aLos ángeles llegaron a Sodoma _c/por Carlos Elizondo Alcaráz |
| 260 |
_aToluca : _bGobierno del Estado de México, Instituto Mexiquense de Cultura, _c2007 |
||
| 300 | _a126 p. | ||
| 490 | 0 |
_aBiblioteca Mexiquense del Bicentenario. _pCruce de milenios: crónicas de nuestros dias |
|
| 590 |
_aBATCH-UPD _b10 _c20130110 _lUCH01 _h1302 |
||
| 590 |
_aBATCH-UPD _b10 _c20130410 _lUCH01 _h0819 |
||
| 590 |
_aBATCH-UPD _b10 _c20130914 _lUCH01 _h1257 |
||
| 590 |
_aCONVERSION _b10 _c20130109 _lUCH01 _h1354 |
||
| 650 | 1 | 4 |
_aNovela mexicana. _982025 |
| 650 | 1 | 4 |
_aNovela. _982011 |
| 830 | 0 |
_aBiblioteca Mexiquense del Bicentenario. _pCruce de milenios: crónicas de nuestros dias _912428 |
|
| 901 | _aBK | ||
| 942 | _cLIBRO | ||
| 949 |
_a863 El48 _bBC _cLIBRO _d33724002130751 _eLIBRO _gI.c/e _h111250 _i108624 _si |
||
| 999 |
_c96978 _d96978 |
||